Представление документа в формате MARC21

Поле Инд. ПП Название Значение
Тип записи a
Библиографический уровень m
001 Контрольный номер RU/IS/BASE/475345305
005 Дата корректировки 20190806114148.3
040 a Служба первич. каталог. НБ ТвГУ
b Код языка каталог. rus
e Правила каталог. PSBO
041 0_ a Код языка текста rus
080 a Индекс УДК 371
084 a Индекс другой классификации/Индекс ББК Ч410.052.8
090 a Полочн. индекс 371
x Авторский знак Х 72
100 1_ a Автор Холл Гренвил Стэнли
d Дата 1844-1924
q Полное имя Стэнли Холл
245 10 a Заглавие Эволюция и воспитание чувства природы у детей
b Продолж. заглавия перевод с английского
c Ответственность под ред. Л. Г. Оршанского
260 a Место издания Санкт-Петербург
b Издательство газета "Школа и жизнь"
c Дата издания 1914
300 a Объем 80 с.
b Иллюстрации/ тип воспроизводства граф.
c Размеры 23 см
504 a Библиография Библиогр. в подстроч. примеч.
561 1_ a История (примечание) Из коллекции Школы Максимовича, Тверского педагогического института; Тверского педагогического музея
653 1_ a Ключевые слова Дети
a Ключевые слова Педагогика
a Ключевые слова Воспитание
a Ключевые слова Обучение
a Ключевые слова Природа
a Ключевые слова Окружающий мир
a Ключевые слова Сигла
700 1_ a Другие авторы Оршанский Лев Григорьевич
e Роль лиц ред.
852 41 x Примечание, не предназначенное для пользователя Школа Максимовича
852 41 x Примечание, не предназначенное для пользователя Твер. пед. ин-т
852 41 x Примечание, не предназначенное для пользователя Твер. пед. музей (штемпель с серпом и молотом)
901 t Тип документа m
920 a Оператор Проз
a Оператор Густ
a Оператор Хохл
a Оператор Васил
a Оператор Стро
930 a Новая/Ретро ретро
952 c Вид литературы К рн
954 a Дата поступления на обработку 20150123
b Дата поступления в ОК 20170502
c Дата окончания ОНО 20180504